[Event "ARM-ch"]
[Site "Yerevan"]
[Date "1999.10.20"]
[Round "5"]
[White "Nalbandian, Tigran"]
[Black "Sargissian, Gabriel"]
[Result "1/2-1/2"]
[WhiteElo "2445"]
[BlackElo "2470"]
[Annotator "Ribli,Z"]
[PlyCount "119"]
[EventDate "1999.10.16"]
[EventType "tourn"]
[EventRounds "11"]
[EventCountry "ARM"]
[EventCategory "10"]
[SourceTitle "CBM 074"]
[Source "ChessBase"]
[SourceDate "2000.02.01"]
[SourceVersion "1"]
[SourceVersionDate "2000.02.01"]
[SourceQuality "1"]

{[%mdl 5120]} 1. d4 d5 2. Nf3 Nf6 3. c4 e6 4. g3 Be7 5. Bg2 O-O 6. O-O dxc4 {
Das ist die klassische Variante der Katalanischen Eröffnung. Mit dem Nehmen
des Bauern kann Schwarz wichtige Tempi bekommen und die Entwicklung des
Damenflügels beenden.} 7. Na3 {Eine selten gespielte Variante - der Zug 7.Qc2
wird häufiger gespielt.} Bxa3 8. bxa3 Bd7 {[%cal Gd7c6,Gc6g2]} 9. Ne5 Bc6 10.
Nxc6 Nxc6 11. Bb2 {Weiss hat das Läuferpaar und eine starke Zentrumstellung,
aber Schwarz hat einen Bauern mehr.} Nd5 12. Rc1 {Das ist die natürliche
Fortsetzung, aber der Turm steht vielleicht besser auf b1.} (12. Rb1 $5 Nb6 13.
e3 Qd6 14. Qc2 Rfd8 15. Rfd1 Rab8 16. e4 e5 $1 17. d5 Nd4 18. Bxd4 exd4 19.
Rxd4 c6 $132 {Khalifman,A-Portisch,L/Reykjavik/1991/0,5 (33)}) 12... Nb6 13. e3
(13. e4 Ne7 (13... Qd7 14. Qh5 (14. Qd2 Rad8 15. Rfd1 Na4 16. d5 Nxb2 17. Qxb2
Na5 18. Bh3 b6 19. Qe5 Qa4 20. Qxc7 exd5 21. exd5 Qxa3 22. d6 {1-0 Krasenkow,
M-Naumkin,I/Moscow 1992/EXT 97 (42)}) 14... Rad8 15. Rfd1 Ne7 16. Qg5 Ng6 17.
h4 f6 18. Qa5 Qa4 {0-1 Haburdzania,N-Berzinsh,R/Alma-Ata 1991/TD (37)}) 14. Qc2
Qd7 15. Ba1 Rad8 (15... f5 $5 $13 {Illescas Cordoba,M}) 16. Qc3 f6 17. Rcd1
Nec8 (17... Qe8 $14) 18. Rfe1 $14 {1-0 Illescas Cordoba,M-Kosashvili,Y/Holon
1986/EXT 97 (33)}) (13. g4 Qd6 14. e3 Rab8 15. g5 Ne7 16. Qh5 Ned5 17. Rc2 Na4
18. Bc1 b5 19. f4 f5 20. gxf6 Nxf6 {1/2-1/2 Kozul,Z-Arlandi,E/Reggio Emilia
1993/EXT 97 (73)}) 13... Qd6 (13... Qd7 14. Qc2 Rab8 15. Rfd1 Ne7 16. Ba1 Rfd8
17. h4 a6 18. Rb1 Ned5 19. e4 Nf6 20. d5 Qe7 21. d6 {1-0 Romero Holmes,
A-Garcia,N/Cala Galdana 1994/EXT 97 (37)}) 14. Qc2 {[%csl Gc2] Die Dame steht
gut auf c2. Sie gibt das Feld-d1 fuer den Turm frei und kontrolliert das
Feld-a4.} (14. Qg4 f6 15. Rc2 Na4 $1 16. Qh5 f5 17. Qf3 (17. Ba1 b5 $17) 17...
Ne7 18. Qe2 b5 $1 $17 {0-1 Romanishin,O-Razuvaev,Y/Moscow 1983/URS-ch/[Chekhov]
(33)}) 14... Rab8 15. Rfd1 {Weiss hat Kompensation für den Bauern und alles
ist für e3-e4 vorbereitet.} f5 {Dieser Zug schwächt den e6-Bauern, aber Weiss
kann nicht (so leicht) e3-e4 ziehen.} 16. Bf1 Ne7 17. a4 $5 ({Nach} 17. Bxc4 $6
Nxc4 18. Qxc4 {hat Schwarz die bessere Bauernstruktur und die weissen Felder
in der weissen Stellung sind schwach.} Rbc8 19. Qc5 b6 20. Qc4 Qd5 21. a4 Rfd8
22. Ba3 Kf7 23. Qe2 g6 24. f3 Qa5 25. Rc4 Nd5 26. Bb2 Nf6 27. e4 Rd7 28. Rc6
Qxa4 29. d5 Re8 30. exf5 gxf5 31. Rxe6 Rd6 32. Rxe8 Qxe8 33. Qc4 Qe7 34. Kf2
Kf8 35. Re1 Qf7 36. Re5 Ne8 37. Qf4 {Zü!. 0-1 Roos,T-Schlamp,F/Neuwied 1993/
GER (37)}) 17... Qb4 $5 {Mit diesem Zug gewinnt Schwarz den a-Bauern und kann
die Damen tauschen.} (17... a5 18. Bxc4 $5 (18. Bc3)) 18. Bc3 Qxa4 19. Qxa4
Nxa4 20. Bxc4 {[%csl Re6][%cal Rc4e6]} Nd5 21. Ba1 $44 {Weiss hat das
Läuferpaar und ein starkes Bauernzentrum. Es ist jedoch fraglich, ob diese
Kompensation genügend ist, aber Schwarz hat zumindestens grosse
Schwierigkeiten mit der Verwertung des Materialsvorteils.} Nab6 22. Bd3 (22.
Bb3 $44) 22... Nc8 23. Kf1 {[%cal Gf1e2] Weiss verbessert zuerst seine
Königsstellung.} (23. f3 $44) 23... Nd6 24. Ke2 c6 25. f3 {[%cal Ge3e4] Weiss
möchte 26.e4 ziehen und die Stellung für das Läuferpaar öffnen.} Nf6 26. Rc5 {
[%csl Gc5][%cal Gc5e5,Ge5e6]} Kf7 27. Rb1 {[%csl Ga1,Gb1,Gc5,Gd3][%cal Gb1b7]
Weiss hat positionellen Druck am Damenflügel.} Ke7 28. Ra5 a6 29. h3 {[%cal
Gg3g4]} Kd7 (29... h5) 30. g4 g6 31. Bc3 {[%cal Gc3b4,Gb4f8]} Ra8 $5 {Schwarz
bereitet den Zug b7-b5 vor und verteidigt den a6-Bauern.} (31... Nd5 32. Bd2
$44 {[%cal Ge3e4]}) 32. Bb4 Rf7 {[%cal Gf7b7]} 33. Bd2 (33. Bxd6 Kxd6 34. e4
$15) 33... b5 34. a4 {[%cal Ga5a8]} Rff8 {Schwarz verbindet die Türme. Der
Bauer ist schon nicht mehr auf b7, so wäre der Turm überflüssig auf f7.} (34...
Nb7 $6 35. axb5 Nxa5 36. bxa6 $36 {[%csl Ra5,Ga6,Gd2,Gd3][%cal Gd3a6,Rd2a5]})
35. axb5 (35. Ra1 $2 Nb7 36. axb5 Nxa5 $19) 35... axb5 (35... cxb5 $2 36. Rba1
$14 {[%csl Ra6][%cal Ra1a6]}) 36. Rba1 Rxa5 37. Rxa5 {Weiss hat die offene
Linie-a und es ist schwer vorzustellen, wie Schwarz seinen Materialvorteil
verwerten kann.} Nb7 (37... Nc4 $2 38. Bxc4 bxc4 39. Ra7+ Ke8 40. Ra4 $14) 38.
Ra7 {[%csl Ga7]} Kc7 39. e4 {Endlich kann Weiss den Durchbruch e4 ausführen.}
fxe4 40. fxe4 {[%csl Gd2,Gd3,Gd4,Ge4]} Nd7 {[%cal Ge6e5]} 41. e5 Kb6 (41... Nb6
42. Ba5 $44 {[%csl Ga5,Ga7,Rb6,Rb7,Rc7] Am Damenflügel ist alles -
beiderseitig - gefesselt.}) 42. Ra1 c5 $6 {Endlich mobilisiert Schwarz seine
Mehrheit am Damenflügel, aber die Stellung wird geöffnet, was Weiss hilft.} (
42... Nb8 43. Be3 $44 {[%cal Ge3b6,Gd4d5]}) 43. Be3 cxd4 (43... c4 44. Be4 $44)
44. Bxd4+ Nbc5 45. Rb1 {[%csl Rb5][%cal Rb1b6]} Kc7 46. Bxb5 $11 {Die Stellung
ist theoretisch etwas besser für Weiss, da er das Läuferpaar hat und etwas
Aktivität, aber das Material ist reduziert und es gibt keine Schwächen in der
Stellung.} Rb8 $1 {[%cal Gb8b1] Schwarz fesselt den b5B und erzwingt praktisch
den Turmtausch.} 47. Rb2 Kd8 48. Bc4 Rxb2+ 49. Bxb2 {Der weisse theoretische
Vorteil ist kaum zu verwerten - die Springer verteidigen alles.} Nb6 50. Ba2
Nd5 {[%csl Gc5,Gd5] Das Springerpaar ist gar nicht schlechter in dieser
konkrete Stellung als das Läuferpaar.} 51. Kf3 (51. Bxd5 $6 exd5 $15 {[%csl
Ye6][%cal Gc5e6]}) 51... Nd3 52. Bd4 g5 {[%cal Gd3f4]} (52... N3f4 53. h4) 53.
Bc4 N3f4 {[%csl Gd5,Gf4,Gg5] Jetzt ist alles verteidigt in der schwarzen
Stellung.} 54. Bf1 Ke7 55. Ke4 Kf7 56. Bf2 Ng6 {Schwarz lässt Weiss nicht 57.
h4 ziehen.} (56... Ke7 57. h4 h6 $11) 57. Be1 h6 58. Bd2 Ndf4 59. Be1 Nd5 (
59... Ke7 60. h4 gxh4 61. Bxh4+ Nxh4 $11) 60. Bd2 1/2-1/2

[Event "Yerevan zt 1.5"]
[Site "Yerevan"]
[Date "2000.06.09"]
[Round "3"]
[White "Anastasian, Ashot"]
[Black "Asrian, Karen"]
[Result "0-1"]
[WhiteElo "2606"]
[BlackElo "2572"]
[Annotator "Ribli,Z"]
[PlyCount "90"]
[EventDate "2000.06.07"]
[EventType "swiss"]
[EventRounds "9"]
[EventCountry "ARM"]
[SourceTitle "CBM 078"]
[Source "ChessBase"]
[SourceDate "2000.10.18"]
[SourceVersion "1"]
[SourceVersionDate "2000.10.18"]
[SourceQuality "1"]

1. c4 e6 2. g3 d5 3. Bg2 Nf6 4. Nf3 Be7 5. O-O O-O 6. d4 {Nach diesem Zug
kommen wir in die Grundstellung der Klassischen Variante der Katalanischen
Verteidigung. Die Alternative 6.b3 hingegen führt zu komplexem Spiel.} dxc4 7.
a4 {Ist dieser Zug wirklich gespielt worden, oder handelt es sich um einen
Fehler in der Partienotation? Dieser Zug wird sehr selten gespielt und ist
auch nicht besonders gut.} (7. Qc2 $1 a6 8. a4 Bd7 {Siehe die Partie!}) 7...
Bd7 (7... Nc6 $5 8. a5 Rb8 9. Qc2 b5 (9... Nxd4 10. Nxd4 Qxd4 11. Be3 $44) 10.
axb6 axb6 11. Qxc4 Bb7 12. Nc3 Na5 $11) 8. Qc2 a6 {Auf diese Weise entsteht
die Grundstellung der Klassischen Variante der Katalanischen Eröffnung. Der
Zug a4 schwächt einerseits den Punkt b4, andererseits sichert er Weiß
Raumvorteil.} 9. Qxc4 Bc6 10. Bg5 Bd5 (10... a5) (10... Nbd7) 11. Qd3 c5 (11...
Be4) 12. dxc5 Nbd7 (12... Bxc5 13. Nc3 Bc6 14. Ne5 (14. Qc4 Be7 15. b4 Nbd7 16.
b5 Bd5 {1/2-1/2 Akopian,V-Adams,M/Las Vegas 1999/CBM 72 (16)}) 14... Qxd3 15.
Nxd3 Bxg2 16. Kxg2 Bd4 17. Bxf6 Bxf6 18. Ne4 Nd7 19. Rac1 Rfc8 20. Nd6 Rxc1 21.
Rxc1 {1-0 King,D-Barry,C/Dublin 1991/TD (42)}) (12... Ne4 13. Bxe7 Qxe7 14. Nc3
Nxc3 15. Qxc3 Rc8 16. Rac1 b6 17. Ne5 bxc5 18. Rfd1 (18. e4 $142 Bb7 19. Rfd1
$16 {פb8, c5}) 18... Bxg2 19. Kxg2 Ra7 20. Qf3 (20. Nc4 $5 $14) 20... Rac7 21.
Nc4 Nc6 22. e3 h6 23. Qf4 {1/2-1/2 Nogueiras,J-Zarnicki,P/Cascavel 1996/EXT 98
(44) Nogueiras,J.}) 13. Nc3 Nxc5 14. Qe3 {Die weiße Drohung ist 15.Bxf6. Wegen
des Nc5 müsste Schwarz darauf mit gxf6 antworten.} Qa5 $1 {[%cal Ga5b4] Die
Dame steht gut auf a5 und zielt das geschwächte Feld b4 an.} (14... Rc8 15.
Rfd1 Re8 16. Ne5 Qb6 17. Bh3 {1-0 Smyslov,V-Nogueiras,J/Graz 1984/MCD (41)})
15. Nxd5 (15. Rad1 Bc6 16. Rd4 Nb3 17. Rc4 Rad8 18. Bxf6 Bxf6 19. Ne4 Bxe4 20.
Rxe4 Nd2 {1/2-1/2 Gulko,B-Beliavsky,A/Amsterdam 1989/CBM 14/[ChessBase] (38)})
(15. Rfd1 Bc6 16. Qf4 Nb3 17. Rab1 h6 18. Bxf6 Bxf6 19. Ne4 Bxe4 20. Qxe4 Nc5
21. Qe3 Qb4 {1/2-1/2 Adianto,U-Short,N/Beijing 2000/CBM 78_02 (31)}) 15... Nxd5
16. Qa3 Bd6 {Schwarz möchte die schwarzfeldrigen Läufer wegen der schlechten
Stellung der weißen Dame auf dem Brett halten. Durch Abtausch der Läufer
konnte Schwarz das Spiel leicht ausgleichen.} (16... Bxg5 $5 17. Nxg5 h6 18.
Rfc1 Nd7 (18... Rac8 $2 19. Nxf7 $1 {/\ Bd5, b4+-}) 19. Bxd5 (19. Ne4 b5 20. b4
Qxa4 21. Qxa4 bxa4 22. Nc5 N7b6 23. Bxd5 exd5 24. Nxa4 Nxa4 25. Rxa4 Rab8 {
1/2-1/2 Gulko,B-Pigusov,E/Moscow 1990/TD (86)}) 19... Qxd5 20. Rd1 Qxg5 21.
Rxd7 b5 22. Rad1 Rfd8 23. Rxd8+ Rxd8 24. Rxd8+ Qxd8 25. axb5 Qd1+ 26. Kg2 Qd5+
27. Qf3 {1/2-1/2 Portisch,L-Ribli,Z/Hungary 1997/EXT 2000 (27)}) 17. Bd2 $2 {
[%mdl 16384] Weiß gewinnt zwar ein Tempo mit dem Textzug, aber diese
Fortsetzung gefällt mir nicht. Das Feld d2 ist für den Springer reserviert.} (
17. Nd2 $1 {[%cal Gd2c4,Gc4a5,Gc4d6]} Ne4 18. Nc4 Bxa3 19. Nxa5 Nxg5 20. Rxa3
$14 {Gulko}) 17... Qb6 $11 18. Rad1 (18. a5 Qb5 19. b4 Ne4 (19... Nd7 20. e4
$14) 20. Nd4 Qc4 21. Bxe4 Qxd4 22. Qd3 Qxd3 23. exd3 $11) 18... Rfd8 19. Qa2 {
Die Opposition zwischen der Qa3 und dem Bd6 war unangenehm für Weiß, deshalb
zieht die Dame weg. Weiß besitzt das Läuferpaar, aber das ist hier nicht von
großer Bedeutung. Die schwarzen Springer stehen ausgezeichnet im Zentrum.} Ne4
{[%csl Yb4,Gd5,Ge4]} 20. Qb1 (20. Bg5 Nxg5 21. Nxg5 Be7 $15 {[%cal Ge7f6,Gf6b2]
}) (20. Bc1 Bc5 $15) 20... Nxd2 21. Nxd2 Be7 $15 {[%cal Ge7f6,Gf6b2] Aufgrund
des geschwächten weißen Damenflügels steht Schwarz etwas besser. Sein Läufer
soll auf die Diagonale h8-a1 plaziert werden.} 22. Nc4 Qb4 {[%csl Gb4][%mdl 32]
} 23. Bxd5 {Der Nd5 ist stark, deshalb gibt Weiß seinen katalanischen Läufer
her.} (23. b3 b5 $15 (23... Nc3 24. Rxd8+ Rxd8 25. Qc2 b5 26. axb5 Nxb5 $11 (
26... axb5 27. Ne5 $14))) 23... exd5 {Für gewöhnlich sind isolierte Bauern
schwach - in unserer Stellung aber ist der Isolani stark, denn er kann nach d4
vorrücken.} 24. Ne3 d4 {[%csl Re3]} (24... Qxa4 $2 25. Nxd5 $14) 25. Nf5 Bf6 {
[%cal Gf6b2]} 26. b3 b5 27. Qe4 $6 {Weiß spielt gegen den Pd4 und aktiviert
die Dame. Dadurch verliert er aber einen Bauern.} (27. axb5 axb5 $15 (27...
Qxb5) 28. Rd3 $15) 27... Qxb3 (27... bxa4 28. bxa4 a5 $15 (28... Qxa4 29. e3
$11)) 28. axb5 Qxb5 {[%cal Gb5e2]} (28... axb5 29. Nxd4 $11) 29. Nxd4 Bxd4 30.
Rxd4 Re8 {[%csl Re2] Ich vermute, dass Weiß diesen Zug übersehen hatte, als er
27.Qe4 spielte. Schwarz gewinnt jetzt einen Bauern.} 31. Qf3 Qxe2 32. Qf4 $2 (
32. Qxe2 Rxe2 33. Ra1 $15 {Aufgrund des reduzierten Materials hat Weiß hier
Remischancen. In einem reinen Doppelturmendspiel fällt die Verteidigung
leichter.}) 32... Rad8 $17 {Mit Damen auf dem Brett fällt Weiß die
Verteidigung schwer - das Damenendspiel mit dem Freibauern auf der a-Linie ist
für Schwarz gewonnen .} 33. Rxd8 Rxd8 34. Qc7 Re8 {Die schwarze Grundlinie ist
schwach. Deshalb kann er nicht 34...Rd1 spielen, was ansonsten von Vortiel
wäre.} 35. h4 h5 36. Qa5 Re5 37. Qd8+ Kh7 38. Qc7 Rf5 {[%csl Ge2,Gf5][%cal
Ga6a5] Der Turm steht aktiv auf f5 - er verteidigt den Königsflügel und
bereitet den Vormarsch des a-Bauern vor.} 39. Qb6 g6 (39... a5) 40. Rc1 Qd2 41.
Ra1 a5 {Endlich hat der schwarze Freibauer das Feld a5. erreicht. Weiß bleiben
nur passive Verteidigungszüge.} 42. Kg2 Qc3 $1 {[%cal Rc3a1,Gc3f3]} (42... Qb4
$6 43. Qxb4 axb4 44. Ra7 Rb5 45. Rxf7+ Kh6 46. Rd7 b3 47. Rd1 b2 48. Rb1 $15)
43. Ra2 (43. Rb1 Qf3+ 44. Kg1 Re5 $19) 43... Qf3+ 44. Kh2 Re5 {[%cal Re5e1,
Re1h1]} 45. Qb1 Re2 $19 {Auf diese Weise erzwingt Schwarz das leicht gewonnene
Damenendspiel.} (45... Re2 46. Rxe2 Qxe2 47. Kg2 a4 $19) 0-1

[Event "ARM-ch"]
[Site "Yerevan"]
[Date "2000.08.31"]
[Round "2"]
[White "Anastasian, Ashot"]
[Black "Asrian, Karen"]
[Result "0-1"]
[WhiteElo "2571"]
[BlackElo "2566"]
[Annotator "Ribli,Z"]
[PlyCount "176"]
[EventDate "2000.08.30"]
[EventType "tourn"]
[EventRounds "9"]
[EventCountry "ARM"]
[EventCategory "11"]
[SourceTitle "CBM 079"]
[Source "ChessBase"]
[SourceDate "2000.11.21"]
[SourceVersion "1"]
[SourceVersionDate "2000.11.21"]
[SourceQuality "1"]

1. c4 e6 2. Nf3 Nf6 3. g3 d5 4. Bg2 Be7 5. O-O O-O 6. d4 dxc4 7. Qc2 a6 8. a4 {
Dieser Zug ist auf Großmeisterebene in letzter Zeit sehr beliebt. Die
klassische Fortsetzung 8.Qxc4 verschafft Schwarz die Möglichkeit 8...b5 und 9..
.Bb7 mit guten Ausgleichschancen.} c5 {Dieser Zug wird nur selten gespielt -
die Alternative 8...Bd7 (mit der Idee 9...Bc6) ist die Hauptvariante.} 9. dxc5
Nc6 10. Na3 (10. Nbd2) 10... Bxc5 11. Nxc4 Qe7 12. Bg5 {Dieser Zug ist nicht
schlecht, bessere Chancen jedoch bieten die Springerzüge 12.Nce5 und 12.Nfe5.}
(12. b3 Nd5 13. Bb2 Rd8 14. Rac1 Ndb4 15. Qc3 Nd4 16. Nxd4 Bxd4 17. Qxd4 Rxd4
18. Bxd4 Nc6 19. Be3 e5 20. Nb6 Rb8 21. Bc5 Qf6 22. Nd5 $44 {1/2-1/2 Aronian,
L-Bick,J/Ubeda 2000/CBM 75 (37)}) (12. Nfe5 Nxe5 (12... Nd4 13. Qd1 Rd8 14. e3
(14. Bd2 Ne8 15. Nd3 Nd6 16. Ba5 Re8 17. Nce5 Ba7 18. Rc1 Qg5 19. Bc7 Qe7 20.
e3 N4f5 21. Qb3 {1-0 Gurevich,D-Schwarz,P/Biel 1991/EXT 2000 (37)}) 14... Nf5
15. Qc2 $14) (12... Nb4 $5 13. Qb3 a5 14. Bd2 Nfd5 15. Rfd1 b6 $1 16. Bxb4 axb4
17. Nd3 Ba6 18. Rdc1 Rac8 19. Rc2 $1 {1/2-1/2 Nogueiras,J-Petursson,M/Aosta
1990/Inf 50/[Petursson,M] (37)}) 13. Nxe5 Qc7 14. Be3 Bd6 15. Qxc7 Bxc7 16. Nc4
{1-0 Neverov,V-Sarwinski,M/Poznan 1986/EXT 97 (40)}) (12. Nce5 Nxe5 13. Nxe5
Nd5 14. Nd3 Bd6 15. Bd2 Nf6 16. Rfc1 e5 17. Nc5 {1-0 Stohl,I-Cech,P/Prague
1992/TD (33)}) 12... h6 13. Bxf6 Qxf6 14. Rfd1 (14. Rac1 a5 15. Nfd2 Ra6 16.
Ne4 Qe7 17. Rfd1 Ba7 18. e3 Nb4 19. Qd2 e5 20. Ned6 Be6 21. Bxb7 Bxc4 22. Rxc4
Rxd6 23. Qxd6 Qxb7 24. Rc7 Qa8 25. Rd7 Bb8 26. Qc5 Qf3 27. Qxa5 Nc6 28. Qd5 {
1-0 Lein,A-Tisdall,J/New York 1981/MCD (36)}) 14... e5 15. e3 $6 {Damit
beabsichtigt Weiß, den Wirkungsradius des Bc5 einzuschränken und das Feld d4
zu kontrollieren. Zugleich schwächt er damit jedoch auch seine Stellung.} (15.
Rac1 $11) (15. Ncd2 $11) 15... Bf5 16. Qb3 (16. Qc3 Bb4 17. Qb3 Bg4 $17 {
[%csl Rf3]}) 16... e4 17. Nfd2 (17. Nh4 Bh7 {[%csl Rh4]} 18. Qxb7 Ra7 19. Qb3
g5 $17) 17... Qe7 {Alles in der schwarzen Stellung ist verteidigt. Zudem hat
er das Läuferpaar und dank seines starken Pe4 Raumvorteil. Alles in allem eine
durchaus bequeme Stellung.} 18. Qc2 (18. Nb6 Rad8 19. Nd5 Qe6 20. Nf4 Qxb3 21.
Nxb3 $11) 18... Nb4 $15 {[%csl Rc2][%cal Gb4d3]} 19. Qc3 Rac8 {[%cal Gc8c3]
Weiß hat Problemen bei der Plazierung der Dame. Die Opposition von Dame und
Turm kann unangenehm für Weiß werden.} 20. Qe5 $2 {[%mdl 8192] Weiß möchte die
Damen tauschen, übersieht dabei aber die folgende Kombination.} (20. Nb3 Ba7 (
20... Nd3 $15) 21. Nd4 $15) 20... Qxe5 21. Nxe5 Nc2 {[%csl Ra1]} 22. Rab1 (22.
Rac1 Nxe3 23. fxe3 Bxe3+ $19) {[#]} 22... Nxe3 $1 $17 {[%mdl 64] Mit dieser
schönen Kombination nutzt Schwarz die schlechte Stellung der weißen Figuren
aus.} 23. fxe3 Bxe3+ 24. Kf1 Bxd2 25. Rxd2 e3 {[%cal Re3d2,Rf5b1] Nach dieser
Kombination bekommt Schwarz R + PP für N + B. Was aber noch wichtiger ist:
Schwarz behält dauerhaft die Initiative. So ist es nicht leicht für Weiß, den
sofortigen Verlust der Partie zu vermeiden.} 26. Rd3 (26. Rdd1 $2 e2+ 27. Kxe2
Bxb1 28. Rxb1 Rfe8 $19) 26... e2+ $1 27. Kf2 (27. Kxe2 Rfe8 $19) 27... Bxd3 $6
(27... Rfe8 28. Re1 Rxe5 29. Rd2 $17) 28. Nxd3 $15 Rfd8 29. Ke3 $6 (29. Kxe2 $2
Rc2+ $19) (29. Rc1 $5) 29... Rc2 30. Re1 (30. Bxb7 $6 Rxd3+ (30... Re8+ 31. Kd4
Rd2 {[%csl Rd3]} 32. Re1 Rd8+ 33. Bd5 Kf8 34. b4 Rxd5+ 35. Kxd5 Rxd3+ $17) 31.
Kxd3 Rxb2 32. Re1 Rxb7 33. Rxe2 Rb4 $17) 30... Re8+ 31. Kf2 Rd2 32. Nc5 (32.
Nf4 Rxb2 33. a5 (33. Rxe2 Rexe2+ 34. Nxe2 b5 $17)) 32... Rxb2 33. Nxb7 {
Weiß hat zwei Leichtfiguren für Turm und zwei Bauern. Natürlich hat Schwarz
hier Gewinnchancen, aber da das Material reduziert ist, ist es nicht leicht
für Schwarz, seinen Vorteil umzusetzen.} Re5 {Mit diesem Zug beginnt Schwarz,
den Wirkungsradius des Springers einzuengen.} 34. Bf3 Rb4 35. a5 (35. Rxe2
Rxe2+ 36. Kxe2 Rxa4 $17) 35... Rb2 (35... Rf5 36. Nd6 Rxa5 37. Rxe2 $15) 36. g4
(36. Nd6 {[%cal Gd6c4,Gc4b2,Gc4e5]} Rc2 $15) 36... g6 37. Nd6 Rc2 38. Nb7 (38.
Rxe2 Rcxe2+ 39. Bxe2 Rxa5 $17) 38... Re7 39. Nd6 Rc5 40. Nb7 Rc2 {In Zeitnot
geht Schwarz kein Risiko ein, er hält lediglich die Stellung. Jetzt kann er in
Ruhe einen konkreten Spielplan suchen..} 41. Nd6 Re6 42. Nb7 Re7 $2 {Objektiv
betrachtet wäre dieser Zug gar nicht schlecht, aber hier konnte Weiß das Remis
wegen dreimaliger Stellungswiederholung reklamieren - wir haben dieselbe
Stellung nach dem 38.,40., und dem 42. Zug von Schwarz.} 43. Nd6 Ra2 44. Nb7
Kg7 45. Nd8 Ra3 (45... Rxa5 $2 46. Nc6 $14) 46. Bxe2 (46. Rxe2 Rxe2+ 47. Bxe2
Rxa5 $17) 46... Rc7 {Schwarz vermeidet das Motiv Nc6 - der Pa5 ist nicht zu
halten.} 47. Rb1 Rxa5 $17 {[%csl Rd8] Der schwarze Freibauer auf der a-Linie
stellt eine potentielle Gefahr dar. Der weiße Springer steht passiv auf d8.}
48. Rb6 Rc2 49. Nc6 Ra4 $1 {[%cal Ra4g4,Ra4e4,Re4e2] Die schwarzen Türme sind
aktiv. Wegen der Fesslung des Be2 hängt der Pg4, es droht 50...Re4.} 50. Ke3
Ra3+ 51. Kf2 Rh3 (51... a5 $17) 52. Nd4 (52. Kg2 $2 Rd3 $1 53. Kf1 (53. Kf2
Rdd2 $19) 53... Rd6 54. Bf3 Rf6 $19) 52... Rxh2+ 53. Ke3 Rc3+ 54. Ke4 (54. Kd2
Ra3 $17) 54... a5 $19 {Schwarz hat nun schon R + PPP für B + N.} 55. Ra6 Ra3
56. Ra7 Rf2 $6 (56... h5 $1 57. gxh5 Ra4 $19 {Droht 58...Rxd4 nebst 59...Rxe2
und auch 58...Rh4+. Weiß hat eine hoffnungslose Stellung.}) 57. Bc4 Rg3 (57...
a4 $19) 58. Be2 a4 59. Bf3 $1 $17 (59. Rxa4 Rxe2+ 60. Nxe2 Rxg4+ 61. Nf4 g5 $19
) 59... Rfxf3 60. Nxf3 Rxg4+ 61. Ke3 {Schwarz hat nicht weniger als vier
Bauern für die Figur, aber der a-Bauer ist kaum zu halten. So behält Weiß noch
Rettungschancen.} g5 (61... Rb4 62. Ne5 Kf6 63. Nxf7 h5 64. Nd6 $17) 62. Ne5
Rf4 63. Nd3 {Schwarz muss entweder den Pf7 oder den Pa4 geben.} Rf1 64. Rxa4 h5
65. Nf2 {Die schwarze Bauernmasse ist gefährlich, aber wenn die Bauern an
einem Flügel konzentriert sind, ist der Springer immer eine gute Figur.} Re1+
66. Kf3 f5 67. Nd3 (67. Ra7+ Kf6 68. Ra6+ Re6 69. Rxe6+ Kxe6 $19) 67... Re6 68.
Nf4 $5 {Weiß opfert den Springer, das anschließende Turmendspiel mit f- und
h-Bauer bietet Weiß bessere Remischancen.} gxf4 69. Kxf4 Kg6 70. Ra8 Re4+ 71.
Kg3 h4+ 72. Kh3 (72. Kf3) 72... Kf6 73. Rf8+ Ke5 74. Ra8 Rd4 75. Re8+ Kf4 76.
Ra8 (76. Kxh4 $6 Rd7 {[%csl Rh4]} 77. Kh3 Kf3 $19) 76... Rd7 77. Kg2 Rd3 78.
Ra4+ Kg5 79. Ra8 Rg3+ 80. Kh2 (80. Kf2) 80... Kg4 81. Rg8+ Kf3 82. Rh8 $2 (82.
Ra8) 82... f4 83. Ra8 (83. Rxh4 Rg7 {[%csl Rh2,Rh4] Beide weißen Figuren
stehen passiv - das Endspiel ist verloren.}) 83... Rg2+ 84. Kh3 Re2 85. Ra3+
Re3 86. Ra2 Re8 87. Ra3+ $6 (87. Kh2 Re2+ $19) (87. Rb2 $1) 87... Kf2 88. Kg4
h3 $1 $19 (88... h3 $1 89. Rxh3 (89. Kxh3 Re3+ $19) 89... Kg2 90. Ra3 f3 91.
Rxf3 Rg8+ 92. Kf4 Rf8+ $19) 0-1